| 000 | 01294nam a2200313 i 4500 | ||
|---|---|---|---|
| 003 | EG-GICUC | ||
| 005 | 20260121101237.0 | ||
| 008 | 251118s1999 jo ||||fr|||| 001 0 ara d | ||
| 040 |
_a EG-GICUC _bara _c EG-GICUC _d EG-GICUC _erda |
||
| 041 | _aara | ||
| 082 | 0 | 4 |
_a343.26 _bع م . ح _221 |
| 092 | 0 | 4 | _221 |
| 099 | _aLaw1 10 343.26 ع م . ح 1999 1004772 | ||
| 100 | 0 |
_aعماد محمد أحمد ربيع. _eمؤلف. |
|
| 245 | 1 | 0 |
_aحجية الشهادة في الإثبات الجزائي : _cالمحامي الدكتور عماد محمد أحمد ربيع. _bدراسة مقارنة / |
| 264 | 1 |
_aعمان، الأردن : _bمكتبة دار الثقافة للنشر والتوزيع، _c1999. |
|
| 300 |
_a437 صفحة ؛ _c24 سم. |
||
| 336 |
_2rda content _atext |
||
| 337 |
_2rda media _aComputer |
||
| 338 |
_2rda carrier _aOnline Resource |
||
| 500 | _aاطروحة دكتوراه دوله في القانون الخاص. | ||
| 504 | _aيشتمل على ارجاعات ببليوجرافية. | ||
| 546 | _aالنص باللغة العربية | ||
| 650 | 1 |
_aالجرائم الماسة بالشرف والاعتبار _2qrmak |
|
| 651 | 1 | _2qrmak | |
| 856 | 4 | 0 | _uhttps://fll.law.cu.edu.eg/fulltext/bks/B10-04772.pdf |
| 905 | _a18 | ||
| 942 |
_2ddc _n0 _cBK _e21 |
||
| 999 |
_c44072 _d44072 |
||